रवीन्द्रनाथ टैगोर की सम्पूर्ण कहानियाँ / (Record no. 43108)

MARC details
000 -LEADER
fixed length control field 01525nam a22002657a 4500
005 - DATE AND TIME OF LATEST TRANSACTION
control field 20100830104546.0
010 ## - LCCN (DPL NO)
LC control number HIN-90205-06
020 ## - INTERNATIONAL STANDARD BOOK NUMBER
International Standard Book Number 9788188014446
Terms of availability 495.00
020 ## - INTERNATIONAL STANDARD BOOK NUMBER
International Standard Book Number 9788188014453
Terms of availability 495.00
035 ## - SYSTEM CONTROL NUMBER
System control number HN-62551-52
037 ## - SOURCE OF ACQUISITION
Source of stock number/acquisition DBAD / PUB
082 ## - DEWEY DECIMAL CLASSIFICATION NUMBER
Classification number
245 ## - TITLE STATEMENT
Title रवीन्द्रनाथ टैगोर की सम्पूर्ण कहानियाँ /
Statement of responsibility, etc माधवानन्द सारस्वत द्वारा संपादित
246 ## - VARYING FORM OF TITLE
Title proper/short title Ravindranath Tagore ki sampuran Kahaniya
Remainder of title Ed by Madhva Nand Saraswat
260 ## - PUBLICATION, DISTRIBUTION, ETC. (IMPRINT)
Place of publication, distribution, etc दिल्ली
Name of publisher, distributor, etc अखिल भारती
Date of publication, distribution, etc 2010
270 ## - ADDRESS
Address 3014, चर्खेवालान
City दिल्ली
Postal code 110006
Telephone number 23947589
300 ## - PHYSICAL DESCRIPTION
Extent 2 भाग (456पृ;392पृ)
Dimensions 22सेमी (सजिल्द)
500 ## - GENERAL NOTE
General note 2 भागों में प्रकाशित
500 ## - GENERAL NOTE
General note नोबेल पुरस्कार से सम्मानित साहित्यकार
650 ## - SUBJECT ADDED ENTRY--TOPICAL TERM
Topical term or geographic name as entry element लघु कथाएँ, हिन्दी
700 ## - ADDED ENTRY--PERSONAL NAME
Personal name सारस्वत, माधवानन्द
9 (RLIN) 17425
942 ## - ADDED ENTRY ELEMENTS (KOHA)
Source of classification or shelving scheme Dewey Decimal Classification
Item type Hindi Books
Classification part
Call number suffix टैगोर
Holdings
Withdrawn status Lost status Materials specified (bound volume or other part) Not for loan Collection code Home library Current library Date acquired Source of acquisition Cost, normal purchase price Full call number Barcode Copy number Cost, replacement price Koha item type
    भाग-1   Fiction Bawana Bawana 30/08/2010 DBAD / PUB 495.00 क टैगोर HN-62551 1 495.00 Hindi Books
    भाग-2   Fiction Bawana Bawana 30/08/2010 DBAD / PUB 495.00 क टैगोर HN-62552 1 495.00 Hindi Books

© Delhi Public Library
Hit Counter
free hit counter